| 000 | 01544cam a22003254a 4500 | ||
|---|---|---|---|
| 001 | 13671851 | ||
| 003 | OSt | ||
| 005 | 20230919133519.0 | ||
| 008 | 040730s2004 njuab b 001 0beng | ||
| 010 | _a 2004018008 | ||
| 020 | _a047167186X (cloth) | ||
| 040 |
_aDLC _cDLC _dDLC |
||
| 042 | _apcc | ||
| 043 | _aa-iq--- | ||
| 050 | 0 | 0 |
_aDS70.6 _b.B58 2004 |
| 082 | 0 | 0 |
_a956.70443 _bBLA/B |
| 100 | 1 |
_aBlack, Edwin _99523 |
|
| 245 | 1 | 0 |
_aBanking on Baghdad : _binside Iraq's 7,000-year history of war, profit and conflict / _cEdwin Black. |
| 260 |
_aHoboken, N.J. : _bJohn Wiley & Sons, Inc., _c2004. |
||
| 300 |
_axxi, 471 p., [8] p. of plates : _bill., map ; _c24 cm. |
||
| 504 | _aIncludes bibliographical references (p. 437-450) and index. | ||
| 505 | 0 | _aFrom cradle to crossroads -- Fumes -- War and petropolitics -- The continuing conflict. | |
| 651 | 0 | _aIraq. | |
| 856 | 4 | 1 |
_3Table of contents only _uhttp://www.loc.gov/catdir/toc/ecip0421/2004018008.html |
| 856 | 4 | 2 |
_3Contributor biographical information _uhttp://www.loc.gov/catdir/enhancements/fy0616/2004018008-b.html |
| 856 | 4 | 2 |
_3Publisher description _uhttp://www.loc.gov/catdir/enhancements/fy0616/2004018008-d.html |
| 906 |
_a7 _bcip _corignew _d1 _eecip _f20 _gy-gencatlg |
||
| 942 |
_2ddc _cBK _h956.70443 _iBLA/B _k956.70443 _mBLA/B |
||
| 999 |
_c42283 _d42283 |
||